000 00696pam a2200229 a 4500
003 OSt
005 20150723142953.0
008 900501s1991 njua b 001 0 eng
020 _a0135177987
040 _aSEKU
050 0 0 _aHD 8072
_b.S54 1991
100 1 _aSloane, Arthur A.
245 1 0 _aLabor relations /
_cArthur A. Sloane, Fred Witney.
250 _a7th ed.
260 _aEnglewood Cliffs, N.J. :
_bPrentice Hall,
_cc1991.
300 _axii, 513 p. :
_bill. ;
_c26 cm.
504 _aIncludes bibliographical references and indexes.
650 0 _aIndustrial relations
_zUnited States.
650 0 _aCollective bargaining
_zUnited States.
700 1 _aWitney, Fred,
942 _2lcc
_cGEN
999 _c6957
_d6957